Music Quiz

Random Music or Album Quiz

Aerosmith Albums Quiz Stats

 Plays Quiz Updated Feb 20, 2020

     
Support Sporcle.
Go Orange.
Score 0/15 Timer 07:00
2 Plays Today
Year Album % Correct
1973Aerosmith
83.5%
1975Toys in the Attic
83.1%
1989Pump
74.2%
1976Rocks
64.3%
1987Permanent Vacation
63.2%
1993Get a Grip
58.9%
2001Just Push Play
53.3%
1974Get Your Wings
53.2%
Year Album % Correct
1997Nine Lives
51.5%
2004Honkin' on Bobo
47%
1985Done with Mirrors
45.1%
1977Draw the Line
44.7%
1979Night in the Ruts
43.3%
2012Music From Another Dimension!
40.8%
1982Rock in a Hard Place
33.3%

From the Vault

'P' Logos Close-Up

by BoggelTeam

Sometimes you just miscrop a bunch of logos and forget where they go.
Remove Ads.
Support Sporcle.
Get the best of Sporcle when you Go Orange. This ad-free experience offers more features, more stats, and more fun while also helping to support Sporcle. Thank you for becoming a member.

Show Comments

Extras

Top Quizzes Today


Score Distribution

Your Account Isn't Verified!

In order to create a playlist on Sporcle, you need to verify the email address you used during registration. Go to your Sporcle Settings to finish the process.

Report this User

Report this user for behavior that violates our Community Guidelines.

Details: